00605nam a2200181 a 4500008004100000020001500041050001800056100001800074245006900092246003900161260004000200300002100240350000900261490004800270650004100318650003700359700002700396120416s2001 ||||||||||||||||| || u a1840641053 aTD 195.T7 Tra aVerhoef, E. T10aTransport and environment : in search of sustainable solutions / ain search of sustainable solutions aCheltenham, UK:bEdward Elgerc2001 axi, 295p. : ill. a0.00 aTransport economics, management, and policy aSUSTAINABLE DEVELOPMENT--ARAB REGION aTRANSPORT--ENVIRONMENTAL ASPECTS aFeitelson, Eran, 1956-